Príjmová nerovnosť v kontexte hospodárskeho rastu: prípadová štúdia Argentíny a Uruguaja

Vzťah príjmovej nerovnosti a hospodárskeho rastu v dvoch latinskoamerických krajinách - Argentíne a Uruguaji. Prostredníctvom regresnej analýzy skúmanie vplyvu HDP p. c. na Giniho koeficient. Zistenie, že hospodársky rast vplýva na príjmovú nerovnosť v prípade Argentíny a Uruguaja.

Enregistré dans:
Détails bibliographiques
Auteur principal: Janubová, Barbora, 1991-
Format: Chapitre de livre
Langue:slovaque
Sujets:
Tags: Ajouter un tag
Pas de tags, Soyez le premier à ajouter un tag!

MARC

LEADER 00000naa$a2200000$$$4500
001 0249530
005 20240502074006.4
041 0 |a slo 
044 |a SK 
245 1 0 |a Príjmová nerovnosť v kontexte hospodárskeho rastu: prípadová štúdia Argentíny a Uruguaja  |c Barbora Janubová 
520 |a Vzťah príjmovej nerovnosti a hospodárskeho rastu v dvoch latinskoamerických krajinách - Argentíne a Uruguaji. Prostredníctvom regresnej analýzy skúmanie vplyvu HDP p. c. na Giniho koeficient. Zistenie, že hospodársky rast vplýva na príjmovú nerovnosť v prípade Argentíny a Uruguaja. 
610 2 0 |a príjmy 
610 2 0 |a príjmy domácností 
610 2 0 |a príjmy obyvateľstva 
610 2 0 |a nerovnosť 
610 2 0 |a nerovnosť príjmová 
610 2 0 |a rast hospodársky 
610 2 0 |a Argentína 
610 2 0 |a Uruguaj 
100 1 |a Janubová, Barbora, 1991-